| 000 | 00602nam a22001937a 4500 | ||
|---|---|---|---|
| 003 | OSt | ||
| 005 | 20260421031532.0 | ||
| 008 | 260421b |||||||| |||| 00| 0 eng d | ||
| 020 | _a0-618-15359-4 | ||
| 040 |
_aDWC-Main lib. _cOC |
||
| 082 | _aCirc. 508.13 B561 2001 | ||
| 100 | _aWilson, Edward O. | ||
| 245 |
_aThe best american science and nature writing 2001/ _cEdward O. Wilson |
||
| 260 |
_aBoston : _bHoughton Mifflin Company, _cc2001. |
||
| 300 |
_axx, 272 p. ; _c21 cm. |
||
| 650 | _a1. Nature - Periodicals. | ||
| 650 | _a2. Science - Periodicals. | ||
| 942 |
_2ddc _cBK-CIRC _hCirc. _n0 |
||
| 999 |
_c9534 _d9534 |
||